Basic geology for science and engineering. (Record no. 544708)
[ view plain ]
| 000 -LEADER | |
|---|---|
| fixed length control field | 00383nam a22001331 4500 |
| 082 00 - DEWEY DECIMAL CLASSIFICATION NUMBER | |
| Classification number | 551.02462 |
| Author Mark | DAP |
| -- | L-15, P-1 |
| 100 1# - MAIN ENTRY--PERSONAL NAME | |
| Personal name | Dapples, Edward C. |
| 9 (RLIN) | 40408 |
| 245 10 - TITLE STATEMENT | |
| Title | Basic geology for science and engineering. |
| 260 ## - PUBLICATION, DISTRIBUTION, ETC. | |
| Place of publication, distribution, etc. | New York, |
| Name of publisher, distributor, etc. | Wiley |
| Date of publication, distribution, etc. | [1959] |
| 300 ## - PHYSICAL DESCRIPTION | |
| Extent | vii, 609 p. |
| Other physical details | illus. |
| Dimensions | 24 cm. |
| 526 ## - STUDY PROGRAM INFORMATION NOTE | |
| Program name | 0 |
| Interest level | 0 |
| Reading level | 0 |
| Title point value | 551_024620000000000_DAP |
| 650 #0 - SUBJECT ADDED ENTRY--TOPICAL TERM | |
| Topical term or geographic name entry element | Geology. |
| 942 ## - ADDED ENTRY ELEMENTS (KOHA) | |
| Source of classification or shelving scheme | |
| Koha item type | Book |
| Withdrawn status | Lost status | Source of classification or shelving scheme | Damaged status | Not for loan | Permanent Location | Current Location | Date acquired | Total Checkouts | Full call number | Barcode | Date last seen | Date last checked out | Price effective from | Koha item type |
|---|---|---|---|---|---|---|---|---|---|---|---|---|---|---|
| Military College of Engineering (MCE) | Military College of Engineering (MCE) | 05/09/2014 | 1 | 551.02462 DAP | MCE-1703 | 05/09/2014 | 05/09/2014 | 05/09/2014 | Book |
